Progressive vision : the planning of downtown Cleveland, 1903-1930 /

Saved in:
Bibliographic Details
Main Author: Witchey, Holly Rarick
Corporate Author: Cleveland Museum of Art
Other Authors: Chakalis, Andrew T.
Format: Book
Language:English
Published: Cleveland, Ohio : Cleveland Museum of Art in cooperation with Indiana University Press, c1986.
Subjects:
LEADER 01254nam a2200313 a 4500
001 c000416641
003 CARM
005 00000000000000.0
008 860508s1986 ohua cb 00010 eng
010 |a 86012950 //r95 
019 1 |a 4568949 
020 |a 0910386862 (pbk.) 
035 |a (OCoLC)13643034 
035 |a (vdu).b12589949 
040 |a VDU  |c VDU 
043 |a n-us-oh 
050 0 0 |a NA9127.C6  |b R37 1986 
082 0 4 |a 711.40977132  |2 19 
100 1 |a Witchey, Holly Rarick. 
245 1 0 |a Progressive vision :  |b the planning of downtown Cleveland, 1903-1930 /  |c by Holly M. Rarick ; with an introduction by Evan H. Turner ; organized under the supervision of Andrew T. Chakalis. 
260 0 |a Cleveland, Ohio :  |b Cleveland Museum of Art in cooperation with Indiana University Press,  |c c1986. 
300 |a 96 p. :  |b ill. ;  |c 28 cm. 
500 |a Catalogue of an exhibition organized by the museum, held. June 10-July 27, 1986. 
504 |a Bibliography: p. 95. 
650 0 |a City planning  |z Ohio  |z Cleveland  |x Exhibitions. 
651 0 |a Cleveland (Ohio)  |x Buildings, structures, etc.  |x Exhibitions. 
700 1 |a Chakalis, Andrew T. 
710 2 |a Cleveland Museum of Art. 
999 f f |i ea22a200-04da-54d5-80cd-6ccfc14fda66  |s 376239e6-14be-5ee0-98fa-d9fbd0cf7ecd